| 000 -LEADER |
| fixed length control field |
00840nam a22000977a 4500 |
| 008 - FIXED-LENGTH DATA ELEMENTS--GENERAL INFORMATION |
| fixed length control field |
170102b xxu||||| |||| 00| 0 eng d |
| 100 ## - MAIN ENTRY--AUTHOR'S NAME |
| Author's Name |
American Air Mail Society |
| 245 ## - TITLE STATEMENT |
| Title |
American air mail catalogue 7th ed vol 2 |
| Remainder of title |
a priced catalogue and reference listing of polar flight |
| 260 ## - PUBLICATION, DISTRIBUTION, ETC. (IMPRINT) |
| Place of publication, distribution, etc. |
Mineola, NY |
| Name of publisher, distributor, etc. |
American Air Mail Society |
| Date of publication, distribution, etc. |
2016 |
| 650 ## - TOPICAL TERM (Tag) |
| Topical term or geographic name |
Air Mail -- History | Air Mail -- Flights | Air Mail -- First Flights | Covers | Cachets | Postal History | Postal Markings | Postal Routes | Catalogs and Price Lists | Prices and Values | Air Express Mail | Express Mail | Airport Dedication Covers | Souvenir Covers | Crash Covers | Damaged or Delayed Mail | Catalogs | United States | Airlines | Aviation -- History | Transoceanic Mail | Glider Mail | Mexico | Latin America | North America | Canal Zone | Alaska | International Mail | Polar Mail |